000 00798nam a22002657a 4500
003 PE SENCICO BE
005 20251020182626.0
008 230202b |||||||| |||| 00| 0 eng d
020 _a978-607-707-231-7
040 _aPE SENCICO BE
_cPE SENCICO BE
041 _aspa
082 _a693.54
_bM12
_c2011
100 1 _9562
_aMcCormac, Jack C.
_eautor
245 1 _aDiseño de concreto reforzado /
_cJack C. McCormac
250 _a8a ed.
260 _aMéxico, D.F. :
_bAlfaomega,
_c2011
300 _axi, 710 p. :
_bdiagrs.,
_c25 cm.
650 1 4 _9563
_aConcreto reforzado
650 2 4 _9550
_aConcreto armado
650 2 4 _9564
_aVigas de concreto
650 2 4 _9565
_aMuros
650 2 4 _9566
_aTorsion
910 _bhfp
_chfp
942 _2ddc
_cLIB
_e2011
_h693.54
_iM12
999 _c3807
_d3807